| 000 | 00984nam a2200277 a 4500 | ||
|---|---|---|---|
| 001 | 16104 | ||
| 003 | BD-RjUL | ||
| 005 | 20211208235944.0 | ||
| 008 | 170122s1964 enkb b 001 0 eng d | ||
| 020 | _a071003248X | ||
| 035 | _a(BD-RjUL)16159 | ||
| 040 |
_aDLC _cWSU _dOCL _dNRC _dBD-RjUL _beng |
||
| 041 | _aeng | ||
| 082 |
_a307.76 _bDIC 1964-72 _223 |
||
| 100 | 1 |
_aDickinson, Robert Eric, _d1905- _949849 |
|
| 245 | 1 | 0 |
_aCity and region : _ba geographical interpretation / _cby Robert E. Dickinson. |
| 260 |
_aLondon : _bRoutledge & Kegan Paul, _cc1966. |
||
| 300 |
_axx, 588, 13 p. : _b ill. ; _c23 cm. |
||
| 490 | 1 | _aInternational library of sociology and social reconstruction | |
| 500 | _aIncludes bibliographical references. | ||
| 650 | 0 |
_aCities and towns _xGrowth. _949850 |
|
| 650 | 0 |
_aUrbanization. _949851 |
|
| 650 | 0 |
_aRegionalism. _949852 |
|
| 830 | 0 |
_aInternational library of sociology and social reconstruction (Routledge & Kegan Paul) _9235769 |
|
| 942 |
_2ddc _cBK |
||
| 999 |
_c16104 _d16104 |
||